[Event "HWP Haarlemse Meesters 2016"]
[Site "?"]
[Date "2016.10.19"]
[Round "5.2"]
[White "Warmerdam, Max"]
[Black "De Jager, Jaap"]
[Result "1/2-1/2"]
[BlackElo "2417"]
[WhiteElo "2388"]
[LiveChessVersion "1.4.8"]

1. e4 {[%clk 1:30:57]} d5 {[%clk 1:30:55]} 2. exd5 {[%clk 1:31:22]} Nf6
{[%clk 1:31:20]} 3. Bb5+ {[%clk 1:30:47]} Nbd7 {[%clk 1:31:44]} 4. d4
{[%clk 1:23:29]} Nxd5 {[%clk 1:31:38]} 5. c4 {[%clk 1:21:53]} N5f6
{[%clk 1:28:25]} 6. Nf3 {[%clk 1:15:27]} c6 {[%clk 1:20:05]} 7. Ba4
{[%clk 1:15:52]} g6 {[%clk 1:18:36]} 8. O-O {[%clk 1:11:54]} Bg7 {[%clk 1:19:03]}
9. h3 {[%clk 1:06:41]} O-O {[%clk 1:19:28]} 10. Nc3 {[%clk 1:03:55]} Qc7
{[%clk 1:18:53]} 11. Re1 {[%clk 0:51:33]} Re8 {[%clk 1:19:09]} 12. Bg5
{[%clk 0:50:54]} b6 {[%clk 1:02:29]} 13. Qd2 {[%clk 0:44:18]} Ba6
{[%clk 1:00:45]} 14. Bf4 {[%clk 0:43:28]} Qb7 {[%clk 1:00:50]} 15. Bb3
{[%clk 0:40:46]} Rad8 {[%clk 1:01:09]} 16. Qc2 {[%clk 0:39:45]} b5
{[%clk 0:38:39]} 17. cxb5 {[%clk 0:35:45]} Bxb5 {[%clk 0:36:50]} 18. Rac1
{[%clk 0:22:36]} Rc8 {[%clk 0:35:36]} 19. Qd2 {[%clk 0:10:48]} Nb6
{[%clk 0:34:21]} 20. Bh6 {[%clk 0:09:37]} Bc4 {[%clk 0:34:06]} 21. Bxg7
{[%clk 0:09:27]} Kxg7 {[%clk 0:34:35]} 22. Na4 {[%clk 0:09:33]} Bxb3
{[%clk 0:27:36]} 23. Nc5 {[%clk 0:09:56]} Qb8 {[%clk 0:27:23]} 24. Nxb3
{[%clk 0:09:22]} Qd6 {[%clk 0:25:19]} 25. Rc5 {[%clk 0:08:26]} Rc7
{[%clk 0:23:31]} 26. Ne5 {[%clk 0:08:02]} Nfd7 {[%clk 0:22:49]} 27. Ng4
{[%clk 0:07:29]} Nd5 {[%clk 0:15:15]} 28. Ra5 {[%clk 0:07:19]} Rd8
{[%clk 0:13:50]} 29. Rc1 {[%clk 0:06:35]} h5 {[%clk 0:13:25]} 30. Nh2
{[%clk 0:06:05]} Nf4 {[%clk 0:12:07]} 31. Nf3 {[%clk 0:03:52]} Ne6
{[%clk 0:10:04]} 32. Ra6 {[%clk 0:03:57]} Nf6 {[%clk 0:09:54]} 33. Qa5
{[%clk 0:03:59]} Ra8 {[%clk 0:08:47]} 34. Qe5 {[%clk 0:03:32]} Rd8
{[%clk 0:06:57]} 35. Rc4 {[%clk 0:02:39]} Kg8 {[%clk 0:05:35]} 36. Na5
{[%clk 0:02:07]} Qd5 {[%clk 0:03:30]} 37. Qxd5 {[%clk 0:02:01]} Nxd5
{[%clk 0:03:36]} 38. Rcxc6 {[%clk 0:02:00]} Rb8 {[%clk 0:01:30]} 39. Rxc7
{[%clk 0:01:10]} Nexc7 {[%clk 0:01:35]} 40. Rxa7 {[%clk 0:01:28]} Rxb2
{[%clk 0:02:03]} 41. a4 {[%clk 0:26:47]} f6 {[%clk 0:32:21]} 42. Nb7
{[%clk 0:24:48]} g5 {[%clk 0:31:51]} 43. Nc5 {[%clk 0:22:37]} Rb1+
{[%clk 0:32:05]} 44. Kh2 {[%clk 0:23:00]} Rb2 {[%clk 0:32:33]} 45. Nd3
{[%clk 0:18:28]} Ra2 {[%clk 0:29:48]} 46. Ra5 {[%clk 0:10:02]} Kf7
{[%clk 0:28:52]} 47. Nfe1 {[%clk 0:07:40]} Nb6 {[%clk 0:21:21]} 48. Ra7
{[%clk 0:07:08]} Ne6 {[%clk 0:21:48]} 49. a5 {[%clk 0:06:45]} Nc8
{[%clk 0:18:09]} 50. Ra8 {[%clk 0:06:39]} Nb6 {[%clk 0:18:32]} 51. Ra7
{[%clk 0:06:15]} Nc8 {[%clk 0:18:54]} 52. Ra8 {[%clk 0:02:12]} Nb6
{[%clk 0:19:20]} 53. Ra7 {[%clk 0:02:34]} 1/2-1/2

[Event "HWP Haarlemse Meesters 2016"]
[Site "?"]
[Date "2016.10.19"]
[Round "5.5"]
[White "Lopez, Jasel"]
[Black "Umudova, Nargiz"]
[Result "0-1"]
[BlackElo "2267"]
[WhiteElo "2233"]
[LiveChessVersion "1.4.8"]

1. d4 {[%clk 1:30:56]} Nf6 {[%clk 1:30:51]} 2. c4 {[%clk 1:31:15]} e6
{[%clk 1:31:11]} 3. Nc3 {[%clk 1:30:47]} Bb4 {[%clk 1:31:24]} 4. e3
{[%clk 1:30:25]} O-O {[%clk 1:21:15]} 5. Nge2 {[%clk 1:29:40]} d5
{[%clk 1:18:57]} 6. cxd5 {[%clk 1:28:24]} exd5 {[%clk 1:17:08]} 7. g3
{[%clk 1:28:35]} Re8 {[%clk 1:09:12]} 8. Bg2 {[%clk 1:28:40]} c6 {[%clk 1:08:57]}
9. O-O {[%clk 1:29:01]} Nbd7 {[%clk 1:09:08]} 10. f3 {[%clk 1:29:10]} Nf8
{[%clk 1:01:36]} 11. e4 {[%clk 1:19:09]} dxe4 {[%clk 0:49:10]} 12. fxe4
{[%clk 1:19:04]} Bg4 {[%clk 0:45:28]} 13. Bg5 {[%clk 0:58:09]} Be7
{[%clk 0:39:30]} 14. e5 {[%clk 0:57:01]} N6d7 {[%clk 0:34:18]} 15. Bxe7
{[%clk 0:30:35]} Rxe7 {[%clk 0:34:17]} 16. h3 {[%clk 0:30:43]} Bh5
{[%clk 0:32:45]} 17. g4 {[%clk 0:27:12]} Bg6 {[%clk 0:33:08]} 18. Nf4
{[%clk 0:27:05]} Nb6 {[%clk 0:27:57]} 19. Nxg6 {[%clk 0:25:57]} Nxg6
{[%clk 0:24:53]} 20. Rf2 {[%clk 0:26:06]} Nc4 {[%clk 0:20:55]} 21. Ne4
{[%clk 0:23:49]} Ne3 {[%clk 0:17:58]} 22. Qd2 {[%clk 0:24:09]} Nxg2
{[%clk 0:18:08]} 23. Rxg2 {[%clk 0:22:50]} Qd5 {[%clk 0:16:55]} 24. Nc3
{[%clk 0:19:21]} Qf3 {[%clk 0:14:56]} 25. Rf1 {[%clk 0:19:21]} Nh4
{[%clk 0:14:17]} 26. Rh2 {[%clk 0:19:45]} Qg3+ {[%clk 0:14:21]} 27. Kh1
{[%clk 0:20:02]} Nf3 {[%clk 0:13:46]} 28. Rxf3 {[%clk 0:20:14]} Qxf3+
{[%clk 0:14:11]} 29. Kg1 {[%clk 0:20:39]} Rd8 {[%clk 0:12:32]} 30. Rf2
{[%clk 0:19:35]} Qxh3 {[%clk 0:12:00]} 31. Qf4 {[%clk 0:18:48]} Qd3
{[%clk 0:06:46]} 32. d5 {[%clk 0:05:50]} cxd5 {[%clk 0:03:08]} 33. Rd2
{[%clk 0:06:16]} Qa6 {[%clk 0:01:23]} 34. Nxd5 {[%clk 0:06:42]} Red7
{[%clk 0:01:10]} 35. Qg5 {[%clk 0:06:51]} Kf8 {[%clk 0:00:56]} 36. Qf5
{[%clk 0:02:06]} Qe6 {[%clk 0:01:02]} 37. Qxe6 {[%clk 0:00:36]} fxe6
{[%clk 0:01:28]} 38. Rf2+ {[%clk 0:01:02]} Rf7 {[%clk 0:01:17]} 39. Nf4
{[%clk 0:01:27]} Ke7 {[%clk 0:01:34]} 0-1